[Event "EU-ch 22nd"]
[Site "Terme Catez"]
[Date "2022.04.04"]
[Round "9"]
[White "Loiseau, Quentin"]
[Black "Kastelic, Marian"]
[Result "1-0"]
[WhiteElo "2474"]
[BlackElo "2287"]
[PlyCount "159"]
[EventDate "2022.03.27"]
[EventType "swiss"]
[EventRounds "11"]
[EventCountry "SLO"]
[SourceTitle "CBM 208"]
[Source "ChessBase"]
[SourceDate "2022.06.30"]
[SourceVersion "1"]
[SourceVersionDate "2022.06.30"]
[SourceQuality "1"]

1. d4 Nf6 2. c4 e6 3. Nf3 d5 4. Nc3 Be7 5. Bg5 0-0 6. e3 Nbd7 7. Rc1 c6 8. Bd3 dxc4 9. Bxc4 b5 10. Bd3 Bb7 11. 0-0 a6 12. Ne4 Nxe4 13. Bxe7 Qxe7 14. Bxe4 Rac8 15. Nd2 f5 16. Bf3 e5 17. Nb3 e4 18. Be2 c5 19. dxc5 Nxc5 20. Nxc5 Rxc5 21. Qb3+ Kh8 22. Qa3 Rfc8 23. Rfd1 h6 24. Rxc5 Rxc5 25. g3 Kh7 26. Kg2 Qc7 27. Rd7 Qxd7 28. Qxc5 Bd5 29. a4 bxa4 30. Bxa6 Be6 31. Qc2 g5 32. Be2 Bb3 33. Qc5 Kg6 34. Bb5 Qe6 35. Qc7 Qf6 36. Qc6 Qxc6 37. Bxc6 Kf6 38. Kf1 Ke6 39. Ke2 Kd6 40. Be8 Kc5 41. Bd7 Kb4 42. Kd2 Bd5 43. Kc2 Bb3+ 44. Kc1 Bd5 45. Bxf5 Kb3 46. Bg4 Kb4 47. Bd1 Bc6 48. Bc2 g4 49. Bd1 h5 50. Bc2 Bd5 51. Bb1 Kb3 52. Bc2+ Kb4 53. Kd2 Bc6 54. Ke1 Bd5 55. Ke2 Bc4+ 56. Kd2 Bd5 57. Ke1 Bc6 58. Kf1 Bd5 59. Kg2 Bc6 60. h3 Bd5 61. hxg4 hxg4 62. Kg1 Bc6 63. Kf1 Bd5 64. Ke1 Bc6 65. Kd2 Bd5 66. Kc1 Bc6 67. Bd1 Bd7 68. Be2 Bc8 69. Kc2 Be6 70. Ba6 Bb3+ 71. Kc1 Be6 72. Bb7 Bf5 73. Kc2 Kc4 74. Ba8 Kc5 75. Kc3 Bg6 76. Bb7 Bf5 77. Ba6 Be6 78. Be2 Bf5 79. Bc4 Bd7 80. Bf7 1-0

[Event "EU-ch 22nd"]
[Site "Terme Catez"]
[Date "2022.03.30"]
[Round "4"]
[White "Kastelic, Marian"]
[Black "Bashylina, Luisa"]
[Result "1-0"]
[WhiteElo "2287"]
[BlackElo "2043"]
[PlyCount "79"]
[EventDate "2022.03.27"]
[EventType "swiss"]
[EventRounds "11"]
[EventCountry "SLO"]
[SourceTitle "CBM 208"]
[Source "ChessBase"]
[SourceDate "2022.06.30"]
[SourceVersion "1"]
[SourceVersionDate "2022.06.30"]
[SourceQuality "1"]

1. d4 Nf6 2. Nf3 g6 3. c4 Bg7 4. d5 c6 5. d6 0-0 6. Nc3 exd6 7. Qxd6 Re8 8. Bg5 h6 9. Bh4 g5 10. Bg3 Qb6 11. Rb1 Re6 12. Qd2 d5 13. e3 Ne4 14. Nxe4 dxe4 15. Nd4 Re8 16. Be2 Rd8 17. Qc2 Qb4+ 18. Kf1 Qe7 19. c5 Bxd4 20. Bd6 Qf6 21. exd4 Bf5 22. Be5 Qg6 23. g4 Be6 24. h4 f6 25. Bd6 Nd7 26. f4 gxf4 27. Bxf4 Kf7 28. h5 Qh7 29. b4 Bd5 30. b5 f5 31. bxc6 bxc6 32. Rb7 Ke6 33. Ke1 Qg7 34. gxf5+ Kxf5 35. Rf1 Ke6 36. Qc3 Qg2 37. Rf2 Qg1+ 38. Bf1 Nf6 39. Qh3+ Qg4 40. Be5 1-0

[Event "EU-ch 22nd"]
[Site "Terme Catez"]
[Date "2022.03.27"]
[Round "1"]
[White "Michalik, Peter"]
[Black "Kastelic, Marian"]
[Result "1-0"]
[WhiteElo "2585"]
[BlackElo "2287"]
[PlyCount "41"]
[EventDate "2022.03.27"]
[EventType "swiss"]
[EventRounds "11"]
[EventCountry "SLO"]
[SourceTitle "CBM 208"]
[Source "ChessBase"]
[SourceDate "2022.06.30"]
[SourceVersion "1"]
[SourceVersionDate "2022.06.30"]
[SourceQuality "1"]

1. e4 e5 2. Nf3 Nc6 3. Bb5 Nge7 4. Nc3 a6 5. Bc4 Ng6 6. d4 exd4 7. Nxd4 Bc5 8. Be3 Bxd4 9. Bxd4 Nxd4 10. Qxd4 0-0 11. 0-0 d6 12. f4 Be6 13. Be2 f5 14. g4 fxg4 15. f5 Qg5 16. fxg6 g3 17. gxh7+ Kh8 18. Qd3 gxh2+ 19. Kxh2 Bc4 20. Qg3 Qd2 21. Rad1 1-0

[Event "SLO-chT 28th"]
[Site "Slovenia"]
[Date "2018.12.15"]
[Round "8.3"]
[White "Kastelic, Marian"]
[Black "Borisek, Jure"]
[Result "0-1"]
[WhiteElo "2241"]
[BlackElo "2577"]
[PlyCount "104"]
[EventDate "2018.11.02"]
[EventType "team-tourn"]
[EventRounds "9"]
[EventCountry "SLO"]
[SourceTitle "CBM 187 Extra"]
[Source "ChessBase"]
[SourceDate "2018.11.04"]
[SourceVersion "1"]
[SourceVersionDate "2018.11.04"]
[SourceQuality "1"]
[WhiteTeam "Novo Mesto Krka"]
[BlackTeam "Maribor"]
[WhiteTeamCountry "SLO"]
[BlackTeamCountry "SLO"]

1. d4 f5 2. Nc3 Nf6 3. Bg5 d5 4. e3 e6 5. Nf3 Be7 6. Be2 0-0 7. 0-0 c5 8. dxc5 Nc6 9. Na4 h6 10. Bh4 g5 11. Bg3 Ne4 12. h3 Nxg3 13. fxg3 e5 14. c3 Be6 15. b4 Qc7 16. Qe1 Rad8 17. a3 g4 18. hxg4 fxg4 19. Nh2 h5 20. c4 d4 21. Qb1 Rxf1+ 22. Nxf1 Kg7 23. e4 d3 24. Bxd3 Qd7 25. Be2 Qd4+ 26. Kh1 h4 27. gxh4 Bxh4 28. g3 Bg5 29. Nh2 Rh8 30. Ra2 Bd2 31. Bd3 Qe3 32. Qd1 Qxd3 33. Rxd2 Qxe4+ 34. Kg1 Nd4 35. Rf2 Qe3 36. Nxg4 Qxg3+ 37. Rg2 Nf3+ 38. Qxf3 Qxf3 39. Nxe5+ Qxg2+ 40. Kxg2 Kf6 41. Nf3 Bxc4 42. Nc3 Kf5 43. c6 bxc6 44. Nd4+ Kf4 45. Nxc6 Ke3 46. Nxa7 Rg8+ 47. Kh2 Bf1 48. Nab5 Bg2 49. a4 Bf3 50. Kh3 Kf4 51. Kh2 Rg2+ 52. Kh1 Kg3 0-1

[Event "Wch Seniors 50 28th"]
[Site "Bled"]
[Date "2018.11.29"]
[Round "11"]
[White "Kastelic, Marian"]
[Black "Farrell, Neil"]
[Result "1-0"]
[WhiteElo "2241"]
[BlackElo "2117"]
[PlyCount "67"]
[EventDate "2018.11.18"]
[EventType "swiss"]
[EventRounds "11"]
[EventCountry "SLO"]
[SourceTitle "EXT 2020"]
[Source "ChessBase"]
[SourceDate "2019.10.17"]
[SourceVersion "1"]
[SourceVersionDate "2019.10.17"]
[SourceQuality "1"]

1. d4 e6 2. Nf3 Nf6 3. e3 c5 4. b3 d5 5. Bb2 Nc6 6. Nbd2 Bd6 7. Be2 0-0 8. 0-0 b6 9. Ne5 Bb7 10. f4 Ne7 11. Bd3 Nf5 12. Qf3 Be7 13. Rad1 Rc8 14. Qh3 Nd6 15. dxc5 bxc5 16. c4 Qc7 17. cxd5 exd5 18. Nd7 Nfe4 19. Nxf8 Bxf8 20. Nxe4 dxe4 21. Be2 Qa5 22. Be5 Rd8 23. Rf2 Bc8 24. Bg4 Ba6 25. Be2 Bc8 26. g4 Qxa2 27. Bc4 Qa5 28. Rfd2 Nb7 29. Rxd8 Nxd8 30. f5 Nc6 31. Bb2 Qc7 32. Qh5 Bb7 33. g5 Ne5 34. g6 1-0

[Event "Wch Seniors 50 28th"]
[Site "Bled"]
[Date "2018.11.27"]
[Round "9"]
[White "Kastelic, Marian"]
[Black "Prie, Eric"]
[Result "0-1"]
[WhiteElo "2241"]
[BlackElo "2482"]
[PlyCount "90"]
[EventDate "2018.11.18"]
[EventType "swiss"]
[EventRounds "11"]
[EventCountry "SLO"]
[SourceTitle "CBM 187 Extra"]
[Source "ChessBase"]
[SourceDate "2018.11.04"]
[SourceVersion "1"]
[SourceVersionDate "2018.11.04"]
[SourceQuality "1"]

1. d4 Nf6 2. Nf3 c5 3. d5 g6 4. c4 b5 5. cxb5 a6 6. bxa6 Bg7 7. Nc3 0-0 8. e4 Qa5 9. Bd2 Bxa6 10. Bxa6 Qxa6 11. Qe2 e6 12. Qxa6 Nxa6 13. dxe6 fxe6 14. 0-0 Rfb8 15. b3 Nb4 16. Bf4 Rb7 17. Be5 Nd3 18. Bxf6 Bxf6 19. Rad1 Nxf2 20. Rxf2 Bxc3 21. Rc2 Bf6 22. e5 Bg7 23. Rxc5 Rxa2 24. Rc8+ Kf7 25. Rf1 Ke7 26. Rg8 Bh6 27. Rh8 Be3+ 28. Kh1 Rxb3 29. Rxh7+ Kd8 30. Rd1 Rd3 31. Re1 Rda3 32. h4 Bf4 33. Rf7 Bg3 34. Rd1 Ra7 35. Rg7 Ke8 36. Rxg6 Ra1 37. Rxg3 Rxd1+ 38. Kh2 Kf7 39. h5 Raa1 40. Kh3 Rh1+ 41. Kg4 Ra4+ 42. Kg5 Kg7 43. Rg4 Rxg4+ 44. Kxg4 Kh6 45. Nh4 Ra1 0-1

[Event "Wch Seniors 50 28th"]
[Site "Bled"]
[Date "2018.11.26"]
[Round "8"]
[White "Gayson, Peter"]
[Black "Kastelic, Marian"]
[Result "0-1"]
[WhiteElo "2141"]
[BlackElo "2241"]
[PlyCount "48"]
[EventDate "2018.11.18"]
[EventType "swiss"]
[EventRounds "11"]
[EventCountry "SLO"]
[SourceTitle "CBM 187 Extra"]
[Source "ChessBase"]
[SourceDate "2018.11.04"]
[SourceVersion "1"]
[SourceVersionDate "2018.11.04"]
[SourceQuality "1"]

1. e4 e5 2. Nf3 Nc6 3. d4 exd4 4. Bc4 Nf6 5. 0-0 Bc5 6. e5 Ng4 7. Bf4 0-0 8. h3 Nh6 9. Bxh6 gxh6 10. c3 d5 11. Bb3 Bf5 12. cxd4 Bb6 13. Nc3 Be4 14. Re1 Bxf3 15. Qxf3 Bxd4 16. Bxd5 Nxe5 17. Qe4 Qf6 18. Nb5 Bxf2+ 19. Kh1 Bxe1 20. Rxe1 c6 21. Nc7 Rac8 22. Bb3 Rxc7 23. Qd4 Re7 24. Bc2 Rfe8 0-1

[Event "Wch Seniors 50 28th"]
[Site "Bled"]
[Date "2018.11.25"]
[Round "7"]
[White "Kastelic, Marian"]
[Black "Haessel, Dale R"]
[Result "0-1"]
[WhiteElo "2241"]
[BlackElo "2155"]
[PlyCount "64"]
[EventDate "2018.11.18"]
[EventType "swiss"]
[EventRounds "11"]
[EventCountry "SLO"]
[SourceTitle "CBM 187 Extra"]
[Source "ChessBase"]
[SourceDate "2018.11.04"]
[SourceVersion "1"]
[SourceVersionDate "2018.11.04"]
[SourceQuality "1"]

1. d4 Nf6 2. c4 g6 3. Nc3 d5 4. cxd5 Nxd5 5. e4 Nxc3 6. bxc3 Bg7 7. Ba3 Nd7 8. Nf3 0-0 9. Bd3 c5 10. 0-0 b6 11. e5 Bb7 12. Ng5 Nb8 13. Qg4 Nc6 14. e6 f5 15. Qh3 h5 16. dxc5 bxc5 17. Bxc5 Qd5 18. Rab1 Rab8 19. Rb5 a6 20. c4 Qe5 21. f4 Qc3 22. Rb3 Qa5 23. Ba3 Nd4 24. Bxe7 Nxb3 25. Bxf8 Bd4+ 26. Kh1 Nd2 27. Bd6 Nxf1 28. Bxf1 Qe1 29. Qd3 Be4 30. Nxe4 fxe4 31. Qxd4 Qxf1+ 32. Qg1 Rb1 0-1

[Event "Wch Seniors 50 28th"]
[Site "Bled"]
[Date "2018.11.23"]
[Round "6"]
[White "Ruiz Bellon, Manuel"]
[Black "Kastelic, Marian"]
[Result "0-1"]
[WhiteElo "1934"]
[BlackElo "2241"]
[PlyCount "112"]
[EventDate "2018.11.18"]
[EventType "swiss"]
[EventRounds "11"]
[EventCountry "SLO"]
[SourceTitle "CBM 187 Extra"]
[Source "ChessBase"]
[SourceDate "2018.11.04"]
[SourceVersion "1"]
[SourceVersionDate "2018.11.04"]
[SourceQuality "1"]

1. e4 e5 2. Nf3 Nc6 3. Bb5 Nge7 4. 0-0 g6 5. Re1 Bg7 6. c3 a6 7. Ba4 b5 8. Bb3 0-0 9. h3 d5 10. d3 h6 11. a4 Rb8 12. axb5 axb5 13. Nbd2 Be6 14. exd5 Nxd5 15. Ne4 f5 16. Nc5 Bf7 17. Ra6 Qd6 18. d4 e4 19. Nd2 Rb6 20. Ra1 Rd8 21. Nf1 Nce7 22. Ne3 Qf6 23. Ra7 Rc6 24. Qe2 b4 25. Bd2 Rxc5 26. dxc5 Nf4 27. Bxf7+ Qxf7 28. Qc4 Rxd2 29. Rxc7 Ne6 30. Rb7 bxc3 31. bxc3 Rd3 32. Rc1 Nf4 33. Kf1 Nfd5 34. Nxd5 Rxd5 35. Qb5 Qf6 36. Qe8+ Bf8 37. Qb5 Qe5 38. Qc4 Qe6 39. Qb3 Kf7 40. Rb6 Qe5 41. Rd1 Kg7 42. Rxd5 Nxd5 43. Rb7+ Kf6 44. c6 Ke6 45. Rb5 Bd6 46. Ra5 Bc7 47. Rb5 e3 48. fxe3 Qe4 49. Ke2 Qxe3+ 50. Kd1 Qg1+ 51. Kc2 Qxg2+ 52. Kb1 Qf1+ 53. Kb2 Qf2+ 54. Ka3 Bd6+ 55. Ka4 Qd2 56. Qc4 Qd1+ 0-1

[Event "SLO-chT 28th"]
[Site "Slovenia"]
[Date "2018.11.10"]
[Round "5.2"]
[White "Kastelic, Marian"]
[Black "Srebrnic, Vojko"]
[Result "1/2-1/2"]
[WhiteElo "2241"]
[BlackElo "2140"]
[PlyCount "112"]
[EventDate "2018.11.02"]
[EventType "team-tourn"]
[EventRounds "9"]
[EventCountry "SLO"]
[SourceTitle "CBM 187 Extra"]
[Source "ChessBase"]
[SourceDate "2018.11.04"]
[SourceVersion "1"]
[SourceVersionDate "2018.11.04"]
[SourceQuality "1"]
[WhiteTeam "Novo Mesto Krka"]
[BlackTeam "Nova Gorica"]
[WhiteTeamCountry "SLO"]
[BlackTeamCountry "SLO"]

1. d4 Nf6 2. Nf3 e6 3. e3 d5 4. Bd3 c5 5. b3 Nc6 6. a3 Bd6 7. Bb2 Qc7 8. Nc3 a6 9. dxc5 Bxc5 10. e4 d4 11. Ne2 e5 12. Ng3 0-0 13. 0-0 Ne7 14. Nh4 Ng6 15. Nhf5 Nf4 16. b4 Ba7 17. Rc1 g6 18. Nh4 Qe7 19. Re1 N6h5 20. Nxh5 Qxh4 21. Nxf4 Qxf4 22. Rb1 Bg4 23. f3 Be6 24. Bc1 Qh4 25. g3 Qh3 26. Qe2 Rac8 27. Qf2 Bc4 28. f4 f6 29. Bd2 b5 30. Ra1 Qd7 31. Rf1 Bb8 32. Qe2 Bd6 33. Rf2 Kg7 34. h4 Be6 35. fxe5 Bxe5 36. Bf4 Bg4 37. Qd2 Kg8 38. a4 Be6 39. axb5 axb5 40. Bxe5 fxe5 41. Rxf8+ Rxf8 42. Qg5 Qc7 43. h5 Kg7 44. Bxb5 d3 45. Bxd3 Qb6+ 46. Kh1 Qd4 47. Ra6 Qf2 48. Qxe5+ Kh6 49. Qc5 Qf3+ 50. Kh2 Bh3 51. Qg1 Bf1 52. Bxf1 Qxh5+ 53. Bh3 Qe2+ 54. Kh1 Qxa6 55. Qe3+ Kg7 56. Qd4+ Kh6 1/2-1/2

[Event "SLO-chT 28th"]
[Site "Slovenia"]
[Date "2018.11.03"]
[Round "2.5"]
[White "Skuhala, Jernej"]
[Black "Kastelic, Marian"]
[Result "0-1"]
[WhiteElo "2282"]
[BlackElo "2241"]
[PlyCount "62"]
[EventDate "2018.11.02"]
[EventType "team-tourn"]
[EventRounds "9"]
[EventCountry "SLO"]
[SourceTitle "CBM 187 Extra"]
[Source "ChessBase"]
[SourceDate "2018.11.04"]
[SourceVersion "1"]
[SourceVersionDate "2018.11.04"]
[SourceQuality "1"]
[WhiteTeam "Pomgrad Radenska"]
[BlackTeam "Novo Mesto Krka"]
[WhiteTeamCountry "SLO"]
[BlackTeamCountry "SLO"]

1. e4 e5 2. Nf3 Nc6 3. Bb5 Nge7 4. c3 g6 5. d4 exd4 6. cxd4 a6 7. Ba4 b5 8. Bc2 Bg7 9. d5 Na5 10. Bd2 c5 11. Bc3 Bxc3+ 12. Nxc3 d6 13. h3 0-0 14. Qd2 Nc4 15. Qh6 f6 16. Nd1 Qa5+ 17. Kf1 Ra7 18. h4 Bg4 19. h5 Bxf3 20. gxf3 g5 21. Bd3 Ne5 22. Be2 Qd2 23. Rg1 Qf4 24. Rg4 Nxg4 25. fxg4 Qxe4 26. f3 Qd4 27. a4 b4 28. Rc1 Qd2 29. Rc4 Nxd5 30. Re4 Nf4 31. Nf2 d5 0-1

[Event "Solta Amateur op"]
[Site "Grohote"]
[Date "2018.06.26"]
[Round "4"]
[White "Peric, Bernard"]
[Black "Kastelic, Marian"]
[Result "1/2-1/2"]
[WhiteElo "2088"]
[BlackElo "2263"]
[PlyCount "39"]
[EventDate "2018.06.24"]
[EventType "swiss"]
[EventRounds "9"]
[EventCountry "CRO"]
[SourceTitle "CBM 185 Extra"]
[Source "ChessBase"]
[SourceDate "2018.07.29"]
[SourceVersion "1"]
[SourceVersionDate "2018.07.29"]
[SourceQuality "1"]

1. d4 f5 2. c4 e6 3. g3 Nf6 4. Bg2 Bb4+ 5. Bd2 Qe7 6. Nf3 Ne4 7. 0-0 Nxd2 8. Nbxd2 d6 9. a3 Bxd2 10. Qxd2 0-0 11. Rfe1 Nc6 12. d5 Nd8 13. e4 e5 14. exf5 Bxf5 15. Nh4 Qf6 16. Nxf5 Qxf5 17. b4 Nf7 18. Be4 Qf6 19. Re3 Ng5 20. Bg2 1/2-1/2